000 00369nam a22001097a 4500
008 150827b xxu||||| |||| 00| 0 eng d
020 _a 0 0 2 9214904
082 _a658.4 MIL
100 _aMILLSTEIN, IRA M.
245 _aTHE LIMITS OF CORPORATE POWER:
_bEXISTING CONSTRAINTS ON THE EXERCISE OF CORPORATE DISCRETION
260 _aNEW YORK
_bMACMILLAN PUBLISHING CO.,INC
_c1981
999 _c1255
_d1255